000 003610000a22001570004500
001 004408
003 MACL
040 _aMACL
090 _c16401
_d16400
100 _aAgarwal, U.K.
245 _aLibrary Movement
_bState Perspectives
_cU.K. Agarwal
260 _aRaj Book Interprises,
_c2003
350 _a200
650 _aGeneral Libraries
942 _k27
_cBook
999 _c16298
_d16298